000 00388nam a22001577a 4500
999 _c5802
_d5800
005 20210828140525.0
008 190404b xxu||||| |||| 00| 0 eng d
020 _a978-93-83943-16-3
041 _aeng
100 _aPANDAY, DR. MEENU
_94929
245 _aA PRACTICLE BOOK OF COMMUNICATION SKILL
250 _a3rd, 2019
260 _aPUNE
_bNIRALI PRAKASHAN
300 _a90
942 _cBK